000 00301nam a2200121Ia 4500
008 190216s9999||||xx |||||||||||||| ||und||
100 _aSamuel Glasstone
245 0 _aText Book Of Physical Chemistry
260 _bTata Mcgrawhill Publishers
_c1978
300 _a757
650 _aChemistry
942 _cBK
999 _c2537
_d2537